| 000 | nam a22 a 4500 | ||
|---|---|---|---|
| 999 |
_c2452 _d2452 |
||
| 003 | AKNAL | ||
| 005 | 20170516152608.0 | ||
| 008 | 170516s1988 nju 00 eng d | ||
| 020 | _a0130010251 (pbk) | ||
| 040 | _aAKMAL | ||
| 082 | 0 | 4 | _a613 DON |
| 090 |
_a613 _bDON |
||
| 100 | 1 |
_aDonatelle, Rebecca J., _d1950- _95075 |
|
| 245 | 1 |
_aAccess to health / _cRebecca J. Donatelle, Lorraine G. Davis,Carolyn F. Hoover |
|
| 260 |
_aEnglewood Cliffs, N.J. : _bPrentice Hall, _cc1988. |
||
| 300 |
_axxiii, 577p. : _bill. (some col.) ; _c28cm. |
||
| 504 | _aIncludes bibliographies. | ||
| 650 |
_aHealth _92975 |
||
| 650 |
_aHolistic medicine _95076 |
||
| 650 |
_aSocial medicine _95077 |
||
| 700 | 1 |
_aDavis, Lorraine G., _d1943- _95078 |
|
| 700 | 1 |
_aHoover, Carolyn F., _d1946- _95079 |
|
| 942 |
_2ddc _cBOOK |
||